Grupos electrógenos : automáticos, marinos- de continuidad portátiles-equipos de control-determinación potencias
| Main Author: | |
|---|---|
| Format: | Section = Libro |
| Language: | Undetermined Spanish |
| Published: |
Barcelona
Marcombo-Boixareu
1976
|
| Subjects: |
| LEADER | 00578nam a2200193Ia 4500 | ||
|---|---|---|---|
| 008 | 240829s9999 xx 000 0 und d | ||
| 020 | |a 84-267-0185-X | ||
| 040 | |a BIBLIOTECA-RUSB/ 621.313 M192 | ||
| 041 | |a spa | ||
| 082 | |a 621.313 M192 | ||
| 100 | 1 | |a Mages, Loren J | |
| 245 | 1 | 0 | |a Grupos electrógenos : automáticos, marinos- de continuidad portátiles-equipos de control-determinación potencias |
| 260 | |a Barcelona |b Marcombo-Boixareu |c 1976 | ||
| 300 | |a 434 p. :il. | ||
| 650 | 7 | |a DINAMOS | |
| 650 | 7 | |b MOTORES ELECTRICOS | |
| 942 | |c BK |2 ddc | ||
| 991 | |a TEXTO | ||
| 999 | |c 3037 | ||